| 000 | 00756nam a22002657a 4500 | ||
|---|---|---|---|
| 001 | 000647 | ||
| 003 | DO-SdBNP | ||
| 005 | 20180209092922.0 | ||
| 007 | 000647 | ||
| 008 | 161107b 1990 sp a ||||| |||| 00| 0 spa d | ||
| 020 | _a8426319173 | ||
| 040 |
_aBPMSU _bspa _cBPMSU |
||
| 100 | 1 |
_aAlcántara, Ricardo, _d1946- |
|
| 245 | 1 | 0 |
_a¿Quién ayuda en casa? / _cRicardo Alcántara ; ilustrado por Gusti. |
| 250 | _a | ||
| 260 |
_aZaragoza : _bEdelvives, _c1990. |
||
| 300 |
_a47 p. : _bil. ; _c18 cm. |
||
| 490 | 1 |
_aAla delta _v119 |
|
| 500 | _aPara niños a partir de los 11 años. | ||
| 700 | 1 | 2 |
_aGusti, _d1963- |
| 830 | 0 |
_aAla delta ; _v119 |
|
| 942 |
_2ddc _cBK |
||
| 945 | _aInventariado, 2018/LP | ||
| 956 |
_aLOPEREZ _b10 _c20161107 _hBPMSU |
||
| 999 |
_c11820 _d11820 |
||